00414nam a2200157Ia 4500003000400000008004100004040001600045082001500061100001900076245004700095260004200142300001000184490002500194650002200219650001500241GCL140319s9999 xx 000 0 eng d aGCL / cGCL04a005.3bM W1 aMCBRIDE, P. K.10aWINDOWS 95: MADE SIMPLE / cMCBRIDE, P. K. a[S.N] : bMADE SIMPLE BOOKS ، c1995 a150 P aMADE SIMPLE BOOKSv004aشعر الحرب04aWINDOWS 95